Influence of the kinetics of transition zone formation between the particle and the matrix on effective properties of the composite; AIP Conference Proceedings; Vol. 2167 : Advanced Materials with Hierarchical Structure for New Technologies and Reliable Structures 2019 (AMHS'19)
| Parent link: | AIP Conference Proceedings Vol. 2167 : Advanced Materials with Hierarchical Structure for New Technologies and Reliable Structures 2019 (AMHS'19).— 2019.— [020018, 4 p.] |
|---|---|
| Autor principal: | |
| Autor corporatiu: | |
| Altres autors: | |
| Sumari: | Title screen A model is proposed to describe the effective properties of a composite with inclusions during the synthesis. Several consecutive new phases can form between the initial particle and the matrix. The problem with moving boundaries on transient layer formation of two new phases is solved analytically in quasi-stationary approximation. Then the properties of an effective particle with an inhomogeneous transition layer is found. Next stage of the solution consists in the calculation of effective properties of composite using known formulae. Режим доступа: по договору с организацией-держателем ресурса |
| Idioma: | anglès |
| Publicat: |
2019
|
| Matèries: | |
| Accés en línia: | https://doi.org/10.1063/1.5131885 |
| Format: | MixedMaterials Electrònic Capítol de llibre |
| KOHA link: | https://koha.lib.tpu.ru/cgi-bin/koha/opac-detail.pl?biblionumber=661465 |
MARC
| LEADER | 00000naa2a2200000 4500 | ||
|---|---|---|---|
| 001 | 661465 | ||
| 005 | 20260209141701.0 | ||
| 035 | |a (RuTPU)RU\TPU\network\32061 | ||
| 035 | |a RU\TPU\network\32056 | ||
| 090 | |a 661465 | ||
| 100 | |a 20191226d2019 k||y0rusy50 ba | ||
| 101 | 0 | |a eng | |
| 135 | |a drcn ---uucaa | ||
| 181 | 0 | |a i | |
| 182 | 0 | |a b | |
| 200 | 1 | |a Influence of the kinetics of transition zone formation between the particle and the matrix on effective properties of the composite |f M. Anisimova, A. G. Knyazeva | |
| 203 | |a Text |c electronic | ||
| 300 | |a Title screen | ||
| 320 | |a [References: 13 tit.] | ||
| 330 | |a A model is proposed to describe the effective properties of a composite with inclusions during the synthesis. Several consecutive new phases can form between the initial particle and the matrix. The problem with moving boundaries on transient layer formation of two new phases is solved analytically in quasi-stationary approximation. Then the properties of an effective particle with an inhomogeneous transition layer is found. Next stage of the solution consists in the calculation of effective properties of composite using known formulae. | ||
| 333 | |a Режим доступа: по договору с организацией-держателем ресурса | ||
| 461 | 1 | |0 (RuTPU)RU\TPU\network\4816 |t AIP Conference Proceedings | |
| 463 | 1 | |0 (RuTPU)RU\TPU\network\31884 |t Vol. 2167 : Advanced Materials with Hierarchical Structure for New Technologies and Reliable Structures 2019 (AMHS'19) |o Proceedings of the International Conference, 1–5 October 2019, Tomsk, Russia |f National Research Tomsk Polytechnic University (TPU) ; Institute of Strength Physics and Materials Science SB RAS (Russia) ; eds. V. E. Panin ; S. G. Psakhie ; V. M. Fomin |v [020018, 4 p.] |d 2019 | |
| 610 | 1 | |a электронный ресурс | |
| 610 | 1 | |a труды учёных ТПУ | |
| 610 | 1 | |a кинетика | |
| 610 | 1 | |a переходные зоны | |
| 610 | 1 | |a эффективные свойства | |
| 610 | 1 | |a композиты | |
| 610 | 1 | |a синтез | |
| 610 | 1 | |a частицы | |
| 610 | 1 | |a включения | |
| 700 | 1 | |a Anisimova |b M. |g Mariia | |
| 701 | 1 | |a Knyazeva |b A. G. |c Russian physicist |c Professor of Tomsk Polytechnic University, doctor of physico-mathematical Sciences |f 1962- |g Anna Georgievna |3 (RuTPU)RU\TPU\pers\32712 |9 16597 | |
| 712 | 0 | 2 | |a Национальный исследовательский Томский политехнический университет |b Инженерная школа новых производственных технологий |b Отделение материаловедения |3 (RuTPU)RU\TPU\col\23508 |
| 801 | 2 | |a RU |b 63413507 |c 20200114 |g RCR | |
| 856 | 4 | |u https://doi.org/10.1063/1.5131885 | |
| 942 | |c CF | ||